UBT Library

Readings in the philosophy of law: (Record no. 2237)

000 -LEADER
fixed length control field 00295nam a22001217a 4500
008 - FIXED-LENGTH DATA ELEMENTS--GENERAL INFORMATION
fixed length control field 160519b xxu||||| |||| 00| 0 eng d
020 ## - INTERNATIONAL STANDARD BOOK NUMBER
International Standard Book Number 9781551111797
020 ## - INTERNATIONAL STANDARD BOOK NUMBER
International Standard Book Number 1551111799
041 ## - LANGUAGE CODE
Language code of text/sound track or separate title eng
080 ## - UNIVERSAL DECIMAL CLASSIFICATION NUMBER
Universal Decimal Classification number 159.9
245 ## - TITLE STATEMENT
Title Readings in the philosophy of law:
Statement of responsibility, etc Keith Culver;
942 ## - ADDED ENTRY ELEMENTS (KOHA)
Source of classification or shelving scheme
Item type Books
Holdings
Withdrawn status Lost status Source of classification or shelving scheme Damaged status Not for loan Collection code Permanent location Current location Shelving location Date acquired Total Checkouts Full call number Barcode Date last seen Price effective from Koha item type
          Koleksioni i përgjithshem UBT - Lipjan UBT - Lipjan Koleksioni i përgjithshem 04/27/2017   34 CUL 002-283120 04/27/2017 04/27/2017 Books
          Koleksioni i përgjithshem UBT - Lipjan UBT - Lipjan Koleksioni i përgjithshem 04/27/2017   34 CUL 002-283115 04/27/2017 04/27/2017 Books
UBT Library © 2015-2024. All rights reserved University Education for Business and Technology